[Event "Orsha (Women)"]
[Site "Orsha"]
[Date "2015.01.21"]
[Round "5"]
[White "Khobotova, Olesia"]
[Black "Rodionova, Polina"]
[Result "0-1"]
[WhiteElo "2047"]
[BlackElo "2181"]
[PlyCount "118"]
[EventDate "2015.01.19"]
[EventType "tourn"]
[EventRounds "9"]
[EventCountry "BLR"]
[SourceTitle "CBM 164 Extra"]
[Source "ChessBase"]
[SourceDate "2015.03.02"]
[SourceVersion "1"]
[SourceVersionDate "2015.03.02"]
[SourceQuality "1"]

1. e4 c6 2. d4 d5 3. exd5 cxd5 4. Bd3 Nc6 5. c3 Nf6 6. h3 g6 7. Nf3 Bf5 8. Bxf5 gxf5 9. Ne5 e6 10. g4 Qc7 11. Bf4 Bd6 12. Qe2 fxg4 13. hxg4 Bxe5 14. dxe5 Nd7 15. Rh5 0-0-0 16. Nd2 Qa5 17. a4 Kb8 18. b4 Qc7 19. Rc1 Nxb4 20. Ne4 Nd3+ 21. Qxd3 dxe4 22. Qc2 Qc4 23. Be3 Rhg8 24. Qe2 Qxa4 25. Bd4 Qc6 26. Ra1 Nc5 27. Rxh7 Rh8 28. Rxh8 Rxh8 29. Rd1 Rh1+ 30. Kd2 Nb3+ 31. Kc2 Nxd4+ 32. Rxd4 Rc1+ 33. Kxc1 Qxc3+ 34. Kb1 Qxd4 35. Qe1 b6 36. Qc1 Qxe5 37. Qc6 Qc7 38. Qxe4 a5 39. g5 Ka7 40. g6 fxg6 41. Qxe6 g5 42. Qd5 Qc5 43. Qd7+ Ka6 44. Qd8 Qf5+ 45. Ka1 Qe5+ 46. Ka2 Qe2+ 47. Kb3 Qf3+ 48. Kc2 Qxf2+ 49. Kb3 Qf3+ 50. Kc2 g4 51. Qc8+ Kb5 52. Kb2 Qe2+ 53. Ka1 Qd1+ 54. Kb2 Qd4+ 55. Kb1 Kb4 56. Qe6 Qd3+ 57. Kb2 Qc3+ 58. Ka2 Qa3+ 59. Kb1 Qb3+ 0-1

[Event "Orsha (Women)"]
[Site "Orsha"]
[Date "2015.01.19"]
[Round "2"]
[White "Odnorozhenko, Kateryna"]
[Black "Khobotova, Olesia"]
[Result "1/2-1/2"]
[WhiteElo "2214"]
[BlackElo "2047"]
[PlyCount "136"]
[EventDate "2015.01.19"]
[EventType "tourn"]
[EventRounds "9"]
[EventCountry "BLR"]
[SourceTitle "CBM 164 Extra"]
[Source "ChessBase"]
[SourceDate "2015.03.02"]
[SourceVersion "1"]
[SourceVersionDate "2015.03.02"]
[SourceQuality "1"]

1. d4 Nf6 2. c4 g6 3. Nc3 Bg7 4. e4 d6 5. Nf3 0-0 6. h3 Qe8 7. Be2 e5 8. dxe5 dxe5 9. 0-0 c6 10. Qd6 Nfd7 11. Be3 f6 12. c5 Kh8 13. Bc4 Qd8 14. b4 Re8 15. Rfd1 Qe7 16. Qc7 Qd8 17. Qd6 Qe7 18. Qd2 Nf8 19. b5 Be6 20. Bf1 Nbd7 21. bxc6 bxc6 22. Na4 Bf7 23. Qd6 Qxd6 24. Rxd6 Re6 25. Rd2 Re7 26. Rad1 Rc8 27. Nc3 Rc7 28. Ne1 Ne6 29. Nd5 cxd5 30. exd5 Re8 31. dxe6 Bxe6 32. Bb5 Re7 33. c6 Nf8 34. Rd8 Kg8 35. Bc5 Kf7 36. Bxe7 Kxe7 37. Rb8 Bc8 38. Nd3 Ne6 39. Nb4 Nd4 40. Ba4 Kd6 41. Nc2 f5 42. Nxd4 exd4 43. f4 Bf6 44. Re1 Be6 45. Rf8 Be7 46. Rh8 Bf6 47. Rg8 Be7 48. Rb8 Bxa2 49. Rb7 Bf6 50. Re8 d3 51. Kf2 Bd5 52. Rxc7 Kxc7 53. Ke3 g5 54. g3 gxf4+ 55. gxf4 Be4 56. Rf8 Bb2 57. Rf7+ Kc8 58. c7 Bc1+ 59. Kf2 d2 60. Ke2 Bd5 61. Rg7 Bc4+ 62. Kd1 Be6 63. h4 Bd5 64. Ke2 Bc4+ 65. Kd1 Bd5 66. Ke2 Bc4+ 67. Kd1 Bd5 68. Ke2 Bc4+ 1/2-1/2

[Event "Kaluga Tsiolkovsky Memorial op"]
[Site "Kaluga"]
[Date "2012.08.08"]
[Round "9"]
[White "Kryukov, Valery B"]
[Black "Khobotova, Olesia"]
[Result "0-1"]
[WhiteElo "1865"]
[BlackElo "2006"]
[PlyCount "44"]
[EventDate "2012.07.30"]
[EventType "swiss"]
[EventRounds "9"]
[EventCountry "RUS"]
[SourceTitle "EXT 2014"]
[Source "ChessBase"]
[SourceDate "2013.11.20"]
[SourceVersion "1"]
[SourceVersionDate "2013.11.20"]
[SourceQuality "1"]

1. Nf3 Nf6 2. d4 g6 3. c4 Bg7 4. Nc3 0-0 5. e4 d6 6. h3 Nc6 7. Be2 e5 8. d5 Ne7 9. 0-0 Ne8 10. Nh2 f5 11. f4 exf4 12. exf5 Nxf5 13. Bxf4 Qh4 14. Qe1 Qf6 15. Nf3 Nd4 16. Be3 Nc2 17. Qd2 Nxa1 18. Bd4 Qf5 19. Rxa1 Nf6 20. Bd3 Qd7 21. Ng5 Qd8 22. Re1 Re8 0-1

[Event "Kaluga Tsiolkovsky Memorial op"]
[Site "Kaluga"]
[Date "2012.08.03"]
[Round "5"]
[White "Khobotova, Olesia"]
[Black "Tarasov, Igor"]
[Result "0-1"]
[WhiteElo "2006"]
[BlackElo "2319"]
[PlyCount "82"]
[EventDate "2012.07.30"]
[EventType "swiss"]
[EventRounds "9"]
[EventCountry "RUS"]
[SourceTitle "EXT 2014"]
[Source "ChessBase"]
[SourceDate "2013.11.20"]
[SourceVersion "1"]
[SourceVersionDate "2013.11.20"]
[SourceQuality "1"]

1. e4 e5 2. Nf3 Nc6 3. Bb5 g6 4. 0-0 Bg7 5. c3 d6 6. d4 Bd7 7. d5 Nce7 8. Bxd7+ Qxd7 9. c4 h6 10. Nc3 f5 11. Ne1 Nf6 12. f3 0-0 13. Be3 c5 14. a3 b6 15. Nd3 h5 16. Rc1 fxe4 17. fxe4 Ng4 18. Bg5 Rxf1+ 19. Qxf1 Rf8 20. Qe2 Bh6 21. Bxh6 Nxh6 22. Rf1 Rxf1+ 23. Qxf1 Kg7 24. Nf2 g5 25. Nh3 Nf7 26. Qc1 Kg6 27. Qd1 Ng8 28. Ne2 Nf6 29. Nf2 h4 30. Nc3 g4 31. Qd3 Ng5 32. h3 g3 33. Nfd1 Nh5 34. Qf1 Nf4 35. Ne3 Ngxh3+ 36. gxh3 Nxh3+ 37. Kg2 Nf4+ 38. Kf3 g2 39. Nxg2 Qh3+ 40. Kf2 Qg3+ 41. Kg1 h3 0-1

[Event "Moscow op U26"]
[Site "Moscow"]
[Date "2012.02.01"]
[Round "5"]
[White "Okun, Evgeny"]
[Black "Khobotova, Olesia"]
[Result "1-0"]
[WhiteElo "2145"]
[BlackElo "1968"]
[PlyCount "55"]
[EventDate "2012.01.28"]
[EventType "swiss"]
[EventRounds "9"]
[EventCountry "RUS"]
[SourceTitle "EXT 2013"]
[Source "ChessBase"]
[SourceDate "2012.11.22"]
[SourceVersion "1"]
[SourceVersionDate "2012.11.22"]
[SourceQuality "1"]

1. g3 Nf6 2. Bg2 g6 3. e4 d6 4. Nc3 Bg7 5. f4 0-0 6. Nf3 Nc6 7. d3 e5 8. 0-0 Bg4 9. h3 Bxf3 10. Qxf3 Nd4 11. Qf2 c6 12. g4 exf4 13. Qxd4 Nxg4 14. Qb4 c5 15. Qb3 Bd4+ 16. Kh1 Nf2+ 17. Rxf2 Bxf2 18. Bxf4 g5 19. Rf1 Bd4 20. Bg3 h5 21. Nd5 h4 22. Bh2 g4 23. c3 gxh3 24. Bxh3 Bg7 25. Qd1 Qg5 26. Rg1 Qh6 27. Bf4 Qh7 28. Bf5 1-0

[Event "Moscow op U26"]
[Site "Moscow"]
[Date "2012.01.28"]
[Round "1"]
[White "Khobotova, Olesia"]
[Black "Biryukov, Dmitriy"]
[Result "0-1"]
[WhiteElo "1968"]
[BlackElo "2332"]
[PlyCount "128"]
[EventDate "2012.01.28"]
[EventType "swiss"]
[EventRounds "9"]
[EventCountry "RUS"]
[SourceTitle "EXT 2013"]
[Source "ChessBase"]
[SourceDate "2012.11.22"]
[SourceVersion "1"]
[SourceVersionDate "2012.11.22"]
[SourceQuality "1"]

1. e4 d6 2. d4 g6 3. Nc3 Bg7 4. f4 Nf6 5. Nf3 0-0 6. Be3 Ng4 7. Bg1 c5 8. dxc5 Bxc3+ 9. bxc3 Qa5 10. cxd6 Qxc3+ 11. Nd2 Ne3 12. Bxe3 Qxe3+ 13. Qe2 Qxf4 14. dxe7 Qh4+ 15. Qf2 Qxe7 16. Bc4 Nc6 17. 0-0 Ne5 18. Bd5 Be6 19. Rab1 Ng4 20. Qd4 Ne3 21. Bxe6 Nxf1 22. Bd5 Nxd2 23. Qxd2 Rad8 24. Qf2 b6 25. a4 Rc8 26. a5 bxa5 27. Rb5 Rb8 28. Qc5 Qxc5+ 29. Rxc5 Rfc8 30. Rxa5 Rxc2 31. h3 Rbb2 32. e5 Rc7 33. e6 fxe6 34. Bxe6+ Kg7 35. Bd5 Rb6 36. Kf2 a6 37. Be4 Rf7+ 38. Kg1 Rd6 39. Bf3 Rf5 40. Ra4 a5 41. Kh2 Ra6 42. Kg3 Ra7 43. Be2 Rf6 44. h4 Rb6 45. h5 g5 46. Bd1 Rb4 47. Ra3 a4 48. Bc2 Kh6 49. Bd1 Rb1 50. Rxa4 Rxa4 51. Bxa4 Kxh5 52. Bc2 Rb7 53. Be4 Rc7 54. Kf3 Rc3+ 55. Kf2 h6 56. Bf3+ g4 57. Be4 g3+ 58. Ke2 Kg5 59. Kd2 Ra3 60. Ke2 h5 61. Bc6 Kf4 62. Bd5 h4 63. Bc6 Ra2+ 64. Kd3 h3 0-1

[Event "RUS-ch (Women) 1st League 61st"]
[Site "Ivanovo"]
[Date "2011.02.21"]
[Round "1"]
[White "Fominykh, Maria"]
[Black "Khobotova, Olesia"]
[Result "1-0"]
[WhiteElo "2306"]
[BlackElo "1991"]
[PlyCount "81"]
[EventDate "2011.02.21"]
[EventType "swiss"]
[EventRounds "9"]
[EventCountry "RUS"]
[SourceTitle "CBM 141 Extra"]
[Source "ChessBase"]
[SourceDate "2011.05.03"]
[SourceVersion "1"]
[SourceVersionDate "2011.05.03"]
[SourceQuality "1"]

1. d4 Nf6 2. c4 c5 3. d5 b5 4. cxb5 a6 5. bxa6 Bxa6 6. Nc3 g6 7. g3 d6 8. Bg2 Bg7 9. Nf3 0-0 10. 0-0 Nbd7 11. Qc2 Ng4 12. h3 Nge5 13. Nd2 Nb6 14. b3 Nc8 15. Bb2 Na7 16. Rfe1 Qc7 17. Rab1 Rfb8 18. Na4 Nb5 19. f4 Nd7 20. Bxg7 Kxg7 21. e3 Nf6 22. Nc4 h5 23. Nab2 Bc8 24. a4 Bf5 25. Nd3 Na7 26. e4 Bd7 27. e5 Ne8 28. Qc3 Kg8 29. Ne3 Ng7 30. g4 Qc8 31. Bf3 Rb7 32. exd6 exd6 33. Nf2 hxg4 34. hxg4 Qd8 35. Ne4 Ne8 36. g5 f5 37. gxf6 Bc8 38. Ng4 Bf5 39. f7+ Kxf7 40. Nh6+ Kf8 41. Qh8+ 1-0

[Event "Moscow op-F (Women)"]
[Site "Moscow"]
[Date "2011.02.06"]
[Round "9"]
[White "Gvanceladze, Anna"]
[Black "Khobotova, Olesia"]
[Result "1-0"]
[WhiteElo "2163"]
[BlackElo "1991"]
[PlyCount "99"]
[EventDate "2011.01.29"]
[EventType "swiss"]
[EventRounds "9"]
[EventCountry "RUS"]
[SourceTitle "CBM 140 Extra"]
[Source "ChessBase"]
[SourceDate "2011.03.01"]
[SourceVersion "1"]
[SourceVersionDate "2011.03.01"]
[SourceQuality "1"]

1. d4 Nf6 2. Nf3 g6 3. Bf4 Bg7 4. h3 0-0 5. e3 d6 6. Be2 Nfd7 7. 0-0 Nc6 8. c3 e5 9. Bh2 f5 10. b4 Qe7 11. a4 Nd8 12. Na3 a6 13. Rc1 g5 14. c4 f4 15. exf4 gxf4 16. Re1 Qf6 17. dxe5 dxe5 18. Bd3 Ne6 19. c5 Ng5 20. Nc4 Re8 21. c6 bxc6 22. Na5 c5 23. Nxg5 Qxg5 24. Qf3 Rb8 25. Bxf4 Qh4 26. bxc5 Rf8 27. Qd5+ Kh8 28. Bg3 Qxa4 29. c6 Nb6 30. Qc5 Bf5 31. Bxf5 Rxf5 32. Bxe5 Rbf8 33. Qc3 Rxe5 34. Rxe5 Qf4 35. Rce1 Qxf2+ 36. Kh1 Nd5 37. Qd3 Bxe5 38. Rxe5 Nf4 39. Qf3 Qd4 40. Qe4 Qa1+ 41. Kh2 Ng6 42. Rd5 Rf6 43. Rd8+ Kg7 44. Rd7+ Rf7 45. Nc4 Qf6 46. Nd6 cxd6 47. c7 Qc3 48. Rxf7+ Kxf7 49. Qf5+ Kg7 50. c8Q 1-0

[Event "Moscow op-F (Women)"]
[Site "Moscow"]
[Date "2011.02.05"]
[Round "8"]
[White "Khobotova, Olesia"]
[Black "Doluhanova, Evgeniya"]
[Result "1/2-1/2"]
[WhiteElo "1991"]
[BlackElo "2267"]
[PlyCount "114"]
[EventDate "2011.01.29"]
[EventType "swiss"]
[EventRounds "9"]
[EventCountry "RUS"]
[SourceTitle "CBM 140 Extra"]
[Source "ChessBase"]
[SourceDate "2011.03.01"]
[SourceVersion "1"]
[SourceVersionDate "2011.03.01"]
[SourceQuality "1"]

1. e4 c5 2. Nf3 d6 3. d4 cxd4 4. Nxd4 Nf6 5. Nc3 a6 6. Be2 e5 7. Nf3 Be7 8. 0-0 0-0 9. Bg5 Nbd7 10. Re1 h6 11. Bh4 Ne8 12. Bxe7 Qxe7 13. Nd5 Qd8 14. Bc4 Nb6 15. Bb3 Nxd5 16. Bxd5 Qb6 17. Re3 Nf6 18. Rb3 Qc7 19. Rd3 Bg4 20. h3 Bxf3 21. Rxf3 Nxd5 22. exd5 Rac8 23. c3 f5 24. Rg3 Rf6 25. Qd3 Re8 26. Re1 Qa5 27. a3 Qb6 28. b4 e4 29. Qe3 Qxe3 30. Rgxe3 b5 31. f3 Rc8 32. fxe4 fxe4 33. Rxe4 Rxc3 34. R1e3 Rxe3 35. Rxe3 Rf5 36. Re8+ Kf7 37. Ra8 Rxd5 38. Rxa6 Ke6 39. Kf2 Rd2+ 40. Kf3 Ke5 41. Ra5 d5 42. Rxb5 Rd3+ 43. Ke2 Rxa3 44. Rb7 g5 45. b5 Rb3 46. b6 Kd4 47. Rb8 Kc5 48. b7 Kc6 49. Rh8 Rxb7 50. Rxh6+ Kc5 51. Rg6 Re7+ 52. Kd3 Re5 53. Rg8 Rf5 54. Rc8+ Kd6 55. Ke3 Re5+ 56. Kd3 Rf5 57. Ke3 Re5+ 1/2-1/2

[Event "Shepsi Rating"]
[Site "Shepsi"]
[Date "2010.08.22"]
[Round "10"]
[White "Davydiants, Eduard"]
[Black "Khobotova, Olesia"]
[Result "1-0"]
[WhiteElo "2223"]
[BlackElo "2000"]
[PlyCount "103"]
[EventDate "2010.08.16"]
[EventType "tourn"]
[EventRounds "14"]
[EventCountry "RUS"]
[SourceTitle "EXT 2022"]
[Source "ChessBase"]
[SourceDate "2021.10.06"]
[SourceVersion "1"]
[SourceVersionDate "2021.10.06"]
[SourceQuality "1"]

1. e4 e5 2. Nf3 Nc6 3. Bb5 d6 4. 0-0 Nf6 5. Re1 Bd7 6. c3 Be7 7. d4 0-0 8. Ba4 Bg4 9. d5 Nb8 10. Bc2 a5 11. c4 Na6 12. Nbd2 Nc5 13. Nf1 Bh5 14. Ng3 Bg6 15. b3 h6 16. a3 Nh7 17. Be3 Nd7 18. Qe2 Ng5 19. Nd2 Nh7 20. b4 Bg5 21. Ndf1 Be7 22. Bd3 Re8 23. Rec1 Nhf8 24. Bd2 axb4 25. axb4 Bh7 26. Be3 b6 27. Ra2 Rxa2 28. Qxa2 Qa8 29. Ra1 Qxa2 30. Rxa2 Nf6 31. f3 N6d7 32. Nd2 Ng6 33. Nf5 Bf6 34. Ra7 Nf4 35. Bxf4 Bxf5 36. Be3 Bh7 37. Rxc7 Rd8 38. Rb7 Bg5 39. Kf2 Kf8 40. Bc2 g6 41. Ba4 Bxe3+ 42. Kxe3 Ke7 43. Nb1 f5 44. Nc3 f4+ 45. Kf2 g5 46. Bc6 Bg6 47. Na4 Be8 48. Nxb6 h5 49. Nxd7 Bxd7 50. c5 g4 51. Bxd7 Rxd7 52. c6 1-0

[Event "Shepsi Rating"]
[Site "Shepsi"]
[Date "2010.08.21"]
[Round "9"]
[White "Khobotova, Olesia"]
[Black "Khlichkova, Tatiana"]
[Result "1/2-1/2"]
[WhiteElo "2000"]
[BlackElo "2062"]
[PlyCount "103"]
[EventDate "2010.08.16"]
[EventType "tourn"]
[EventRounds "14"]
[EventCountry "RUS"]
[SourceTitle "EXT 2022"]
[Source "ChessBase"]
[SourceDate "2021.10.06"]
[SourceVersion "1"]
[SourceVersionDate "2021.10.06"]
[SourceQuality "1"]

1. e4 g6 2. d4 Bg7 3. Nc3 d6 4. f4 a6 5. Nf3 b5 6. Bd3 Bb7 7. Be3 Nd7 8. a3 c5 9. 0-0 Ngf6 10. d5 Qc7 11. h3 c4 12. Be2 Nc5 13. Nd2 Nfd7 14. Bf3 0-0 15. g4 e6 16. dxe6 fxe6 17. Qe2 Rad8 18. Rad1 Nb6 19. Qf2 Rc8 20. Qg2 Nba4 21. Nxa4 Nxa4 22. b4 Nb2 23. Rde1 c3 24. Nb3 Nc4 25. Bc1 Kh8 26. Rd1 Qe7 27. Qf2 Rf7 28. Bg2 Qe8 29. Kh2 Kg8 30. Qg1 Rcc7 31. Rd3 Qc8 32. Qf2 Rf8 33. Rdd1 Qa8 34. Rde1 Rcf7 35. Qg1 Qd8 36. Nd4 Qd7 37. Ne2 Qc7 38. Rd1 Nb2 39. Rde1 Qc4 40. Qe3 Rc8 41. e5 Bxg2 42. Kxg2 dxe5 43. fxe5 Qd5+ 44. Kg1 Rxf1+ 45. Rxf1 Bxe5 46. Qa7 Bc7 47. Qf2 Qe5 48. Bh6 Bd6 49. Bf4 Qd5 50. Bxd6 Qxd6 51. Qf7+ Kh8 52. Qf6+ 1/2-1/2

[Event "Kostroma Volga Cup (Women)"]
[Site "Kostroma"]
[Date "2010.07.05"]
[Round "5.3"]
[White "Khobotova, Olesia"]
[Black "Yanovskaya, Olesia"]
[Result "1-0"]
[WhiteElo "2000"]
[BlackElo "1921"]
[PlyCount "95"]
[EventDate "2010.07.03"]
[EventType "tourn"]
[EventRounds "11"]
[EventCountry "RUS"]
[SourceTitle "EXT 2011"]
[Source "ChessBase"]
[SourceDate "2010.11.26"]
[SourceVersion "1"]
[SourceVersionDate "2010.11.26"]
[SourceQuality "1"]

1. e4 e6 2. d4 d5 3. Nd2 c5 4. Ngf3 Nc6 5. exd5 Qxd5 6. Bc4 Qd8 7. Nb3 cxd4 8. 0-0 Nf6 9. Nbxd4 Nxd4 10. Nxd4 a6 11. c3 Bd6 12. g3 Qc7 13. Qe2 0-0 14. Bd3 e5 15. Nc2 Bh3 16. Re1 Rae8 17. Bg5 e4 18. Bc4 Ng4 19. Ne3 Ne5 20. Qh5 Nf3+ 21. Kh1 Nxe1 22. Rxe1 Bc8 23. Nd5 Qd7 24. Qe2 b5 25. Bb3 Bb7 26. Be3 Qf5 27. Rd1 Re6 28. Nf4 Rf6 29. Ng2 Qh3 30. Kg1 Qf5 31. Nh4 Qc8 32. Bg5 Be5 33. Bxf6 Bxf6 34. Ng2 Qa8 35. Ne3 Rd8 36. Qh5 g6 37. Qe2 Bg7 38. h4 Kf8 39. Rd2 Ke7 40. Qd1 Rxd2 41. Qxd2 Qd8 42. Qxd8+ Kxd8 43. Bxf7 Ke7 44. Bg8 h6 45. Kf1 Kf6 46. Bd5 Bc8 47. Bxe4 Kf7 48. Ke2 1-0

[Event "Moscow-ch (Women)"]
[Site "Moscow"]
[Date "2010.05.24"]
[Round "4"]
[White "Khobotova, Olesia"]
[Black "Voit, Daria"]
[Result "1/2-1/2"]
[WhiteElo "2003"]
[BlackElo "2319"]
[PlyCount "125"]
[EventDate "2010.05.21"]
[EventType "swiss"]
[EventRounds "9"]
[EventCountry "RUS"]
[SourceTitle "CBM 136 Extra"]
[Source "ChessBase"]
[SourceDate "2010.07.02"]
[SourceVersion "2"]
[SourceVersionDate "2010.07.15"]
[SourceQuality "1"]

1. e4 e5 2. Nf3 Nf6 3. Nxe5 d6 4. Nf3 Nxe4 5. Nc3 Nf6 6. d4 Be7 7. Bd3 c6 8. h3 Na6 9. Bxa6 bxa6 10. 0-0 0-0 11. Re1 Rb8 12. b3 Nd5 13. Nxd5 cxd5 14. Nh2 Qc7 15. Qf3 Be6 16. c3 Rfc8 17. Bd2 a5 18. Ng4 a4 19. b4 a3 20. Ne3 Bg5 21. Qg3 Bxe3 22. Rxe3 Qb6 23. Bc1 Qa6 24. Rb1 Rb6 25. Rb3 Qc4 26. Bxa3 h6 27. Bc1 Ra6 28. Rb2 Rxa2 29. Rxa2 Qxa2 30. Qxd6 Qa1 31. Rxe6 Qxc1+ 32. Kh2 Qxc3 33. Re3 Qxd4 34. Rg3 Qxf2 35. Qxd5 Qf4 36. Qb3 Rb8 37. b5 Rb6 38. Kg1 Qc1+ 39. Kh2 Qf4 40. Kg1 Qd4+ 41. Kh1 Qa1+ 42. Kh2 Qe5 43. Qa3 Rg6 44. Qb3 Rxg3 45. Qxg3 Qxg3+ 46. Kxg3 f6 47. h4 g6 48. h5 gxh5 49. Kh4 Kg7 50. Kxh5 Kh7 51. Kg4 Kg6 52. Kf4 Kf7 53. Kf5 h5 54. g3 Ke7 55. Kg6 Kd6 56. Kxf6 Kc5 57. Kg5 Kxb5 58. Kxh5 a5 59. g4 a4 60. g5 a3 61. g6 a2 62. g7 a1Q 63. g8Q 1/2-1/2

[Event "Moscow-ch (Women)"]
[Site "Moscow"]
[Date "2010.05.22"]
[Round "2"]
[White "Krasenkova, Ilena"]
[Black "Khobotova, Olesia"]
[Result "0-1"]
[WhiteElo "2148"]
[BlackElo "2003"]
[PlyCount "112"]
[EventDate "2010.05.21"]
[EventType "swiss"]
[EventRounds "9"]
[EventCountry "RUS"]
[SourceTitle "CBM 136 Extra"]
[Source "ChessBase"]
[SourceDate "2010.07.02"]
[SourceVersion "2"]
[SourceVersionDate "2010.07.15"]
[SourceQuality "1"]

1. d4 Nf6 2. c4 c5 3. d5 b5 4. cxb5 a6 5. Nc3 axb5 6. Nxb5 Ba6 7. Nc3 g6 8. g3 d6 9. Bg2 Bg7 10. Nf3 0-0 11. 0-0 Nbd7 12. Re1 Ng4 13. Qc2 Qb6 14. h3 Nge5 15. Rb1 Rfb8 16. b3 Qa5 17. Bd2 Qa3 18. Nh2 Nb6 19. f4 Ned7 20. Ng4 Nc8 21. Kh2 c4 22. f5 cxb3 23. axb3 Nc5 24. Nh6+ Kf8 25. fxg6 fxg6 26. Rf1+ Ke8 27. Bc1 Qa5 28. Ne4 Rb5 29. Ng4 Rab8 30. Bd2 Qb6 31. b4 Nxe4 32. Bxe4 Bd4 33. Bxg6+ hxg6 34. Qxg6+ Kd7 35. Qe6+ Kc7 36. Rfc1+ Kb7 37. Qd7+ Ka8 38. e3 Bh8 39. Rc6 Qb7 40. Qe6 Na7 41. Rbc1 Nxc6 42. dxc6 Qc7 43. Rc2 R5b6 44. Qd5 Rc8 45. b5 Rxb5 46. Qa2 Qb6 47. c7 Rb2 48. Rxb2 Bxb2 49. Nf2 Qb5 50. h4 Rxc7 51. Qg8+ Ka7 52. Qf7 Bf6 53. Ne4 Qe2+ 54. Kh3 Bc8+ 55. g4 Bxg4+ 56. Kg3 Be5+ 0-1

[Event "RUS-chT Regions"]
[Site "Tula"]
[Date "2009.11.??"]
[Round "3"]
[White "Khobotova, Olesia"]
[Black "Chan, Naruna"]
[Result "1-0"]
[WhiteElo "1950"]
[BlackElo "1725"]
[PlyCount "65"]
[EventDate "2009.11.??"]
[EventType "team-tourn"]
[EventRounds "9"]
[EventCountry "RUS"]
[SourceTitle "EXT 2011"]
[Source "ChessBase"]
[SourceDate "2010.11.26"]
[SourceVersion "1"]
[SourceVersionDate "2010.11.26"]
[SourceQuality "1"]

1. e4 e6 2. d4 d5 3. Nd2 Nf6 4. e5 Nfd7 5. f4 c5 6. c3 Nc6 7. Ndf3 Qa5 8. Ne2 Be7 9. g3 Qc7 10. Bh3 c4 11. 0-0 b6 12. f5 Nf8 13. Nf4 h5 14. Ne1 g6 15. fxg6 fxg6 16. Qc2 g5 17. Ng6 Rg8 18. Nxf8 Bxf8 19. g4 h4 20. Nf3 Qe7 21. Qd2 Bh6 22. Nxh4 Qh7 23. Nf3 Bd7 24. Rf2 0-0-0 25. Qc2 Qe7 26. b3 Na5 27. Bf1 Bb5 28. Nd2 cxb3 29. axb3 Bxf1 30. Nxf1 Rgf8 31. Ba3 Rxf2 32. Qxf2 Qc7 33. Qf6 1-0

[Event "RUS-chT Regions"]
[Site "Tula"]
[Date "2009.11.??"]
[Round "1"]
[White "Khobotova, Olesia"]
[Black "Sazonova, Elena"]
[Result "1-0"]
[WhiteElo "1950"]
[BlackElo "2175"]
[PlyCount "109"]
[EventDate "2009.11.??"]
[EventType "team-tourn"]
[EventRounds "9"]
[EventCountry "RUS"]
[SourceTitle "EXT 2011"]
[Source "ChessBase"]
[SourceDate "2010.11.26"]
[SourceVersion "1"]
[SourceVersionDate "2010.11.26"]
[SourceQuality "1"]

1. e4 c5 2. Nc3 Nc6 3. g3 g6 4. Bg2 Bg7 5. d3 a6 6. Nge2 e6 7. 0-0 Nge7 8. Be3 Nd4 9. Qd2 d6 10. Nd1 0-0 11. Nf4 e5 12. Ne2 Bh3 13. c3 Bxg2 14. Kxg2 Nxe2 15. Qxe2 f5 16. Bg5 Bf6 17. Bxf6 Rxf6 18. f3 b5 19. Ne3 d5 20. f4 dxe4 21. dxe4 Rd6 22. Rad1 fxe4 23. fxe5 Rd3 24. Ng4 Nf5 25. Qxe4 Rxd1 26. Rxd1 Qxd1 27. Qxa8+ Kf7 28. Qb7+ Ne7 29. Qf3+ Qxf3+ 30. Kxf3 Ke6 31. Nf6 h6 32. Ne8 Kxe5 33. Nc7 Kd6 34. Nxa6 Kc6 35. b4 Nd5 36. Nxc5 Nxc3 37. a3 Nb1 38. a4 bxa4 39. Nxa4 Nd2+ 40. Ke2 Nc4 41. Nc3 Ne5 42. h3 g5 43. Ke3 Nd7 44. Kd4 h5 45. Ke4 Kd6 46. Kf5 h4 47. g4 Ne5 48. Kxg5 Nf3+ 49. Kf6 Ng1 50. Ne4+ Kd5 51. Nf2 Ne2 52. g5 Nf4 53. g6 Nh5+ 54. Kg5 Ng7 55. Kxh4 1-0